| 000 | 00657nam a2200229 a 4500 | ||
|---|---|---|---|
| 005 | 20140310183510.0 | ||
| 008 | 101021s19uu xx 00 eng d | ||
| 020 | _a978-0-415-56478-6 | ||
| 050 |
_aHM 1017 _b.On55 2010 |
||
| 100 | _aDonelan, Helen edited by | ||
| 245 |
_aOnline communication and collaboration : _ba reader. |
||
| 260 |
_aLondon : _bRoutledge, _c2010. |
||
| 300 |
_a290 p. : _c23 cm. |
||
| 521 | _aMC | ||
| 650 | _aInterpersonal relations. | ||
| 650 |
_aComputer networks _xSocial aspects. |
||
| 650 |
_aInternet _xSocial aspects. |
||
| 700 | _aKear, Karen | ||
| 700 | _aRamage, Magnus | ||
| 942 |
_cBK _2lcc _kFOR |
||
| 999 |
_c24153 _d24153 |
||